Mar nuestro de cada día : muestra literaria del tercer encuentro intercultural uias-iteso /

-д хадгалсан:
Номзүйн дэлгэрэнгүй
Бусад зохиолчид: Martínez Esténs, Mariana (autor) (autor)
Формат: Ном
Хэл сонгох:испани
Хэвлэсэн: Tijuana, México : Universidad Iberoamericana, Plantel Noroeste, 2000, c2000
Нөхцлүүд:
Шошгууд: Шошго нэмэх
Шошго байхгүй, Энэхүү баримтыг шошголох эхний хүн болох!

MARC

LEADER 00000nam^a2200000^a^4500
001 000190453
005 20250521000000.0
009 20260310102451.07
037 |a Acervo ITESO - Biblioteca 
041 |a ESP 
082 |a 861.  |b MAR 
245 0 0 |a Mar nuestro de cada día :  |b muestra literaria del tercer encuentro intercultural uias-iteso /  |c M. Martínez Esténs... [et al.]. 
264 4 |a Tijuana, México :  |b Universidad Iberoamericana, Plantel Noroeste,  |c 2000, c2000 
300 |a 28 p. 
336 |a texto  |b txt  |2 rdacontenido 
337 |a sin mediación  |b n  |2 rdamedio 
338 |a volumen  |b nc  |2 rdasoporte 
649 |a XX 
650 |a Poesía Mexicana 
650 |a Literatura Mexicana -  |y Siglo XX 
700 |a Martínez Esténs, Mariana  |e (autor) 
910 |a Fondo General 
920 |a Impresos - Libros 
930 |a Colección General 
940 |a Literatura 
905 |a 101 
901 |a 0500133626  |b IT1  |c LIT  |u 20250521 
902 |a https://opac.biblio.iteso.mx/vufind/Record/000190453